Statystyki dla Quiz o Serbii

Kliknij tutaj aby rozwiązać quiz!

Ogólne statystyki

  • Ten quiz został rozwiązany 242 razy
  • Średni wynik to 10 z 15

Statystyki odpowiedzi

WskazówkaOdpowiedź% Poprawnych
StolicaBelgrad
97%
Byłe państwo składający się z Serbii, Chorwacji, Bośni i innychJugosławia
97%
Region sporny, który ogłosił niepodległość w 2008Kosowo
92%
Półwysep, na którym leży SerbiaPółwysep {Bałkański}
89%
Dwie główne rzeki przepływające przez powyższe miastoDunaj
82%
Państwo, z którym Serbia posiada najdłuższą granicęRumunia
81%
Międzynarodowa organizacja, która zbombardowała Serbię w 1999 rokuNATO
66%
Tenisista na pierwszym miejscu na świecie od 2020 rokuNovak Djokovic
54%
Drugie najludniejsze miastoNowy Sad
48%
Serbski wynalazca, który pomógł urzeczywistnić zasilanie klimatyzacjiNikola Tesla
46%
Sport grany przez Vlade Divac i Nikola JokićKoszykówka
45%
WalutaDinar serbski
40%
W 1914 roku bośniacki Serb o imieniu Gavrilo Princip spowodował trochę
kłopotów, gdy zamordował tego królewskiego następcę
Franciszek Ferdynand
40%
"Życzliwy dyktator”, który rządził tym państwem w latach 1953–1980Josip Broz Tito
38%
Dwie główne rzeki przepływające przez powyższe miastoSawa
35%

Rozkład punktacji

Percentyl według liczby udzielonych odpowiedzi

Procent ludzi z każdym wynikiem

Twoja historia wyników

Nie rozwiązałeś tego quizu